Speeches and statements of Quaid-i-Millat Liaquat Ali Khan, 1941-51. (Record no. 85251)

MARC details
000 -LEADER
fixed length control field 00849cam a2200241 4500
001 - CONTROL NUMBER
control field sa 68013680
003 - CONTROL NUMBER IDENTIFIER
control field DLC
005 - DATE AND TIME OF LATEST TRANSACTION
control field 20260227112623.0
008 - FIXED-LENGTH DATA ELEMENTS--GENERAL INFORMATION
fixed length control field 691210s1967 pk 001 0beng
010 ## - LIBRARY OF CONGRESS CONTROL NUMBER
LC control number sa 68013680
025 ## - OVERSEAS ACQUISITION NUMBER
Overseas acquisition number PL480:P-E-1322
040 ## - CATALOGING SOURCE
Original cataloging agency DLC
Transcribing agency DLC
Modifying agency DLC
050 00 - LIBRARY OF CONGRESS CALL NUMBER
Classification number DS385.K5
Item number A5
082 00 - DEWEY DECIMAL CLASSIFICATION NUMBER
Classification number 954.9/04/0924
100 1# - MAIN ENTRY--PERSONAL NAME
Personal name Khan, Liaquat Ali,
Dates associated with a name 1895-1951.
245 00 - TITLE STATEMENT
Title Speeches and statements of Quaid-i-Millat Liaquat Ali Khan, 1941-51.
Statement of responsibility, etc. Collected & edited by M. Rafique Afzal.
260 ## - PUBLICATION, DISTRIBUTION, ETC.
Place of publication, distribution, etc. Lahore,
Name of publisher, distributor, etc. Research Society of Pakistan, University of the Panjab
Date of publication, distribution, etc. [1967]
300 ## - PHYSICAL DESCRIPTION
Extent xxxviii, 657 p.
Dimensions 25 cm.
490 1# - SERIES STATEMENT
Series statement Research Society of Pakistan. Publication,
Volume/sequential designation no. 5
600 10 - SUBJECT ADDED ENTRY--PERSONAL NAME
Personal name Khan, Liaquat Ali,
Dates associated with a name 1895-1951.
700 1# - ADDED ENTRY--PERSONAL NAME
Personal name Afzal, M. Rafique,
Relator term ed.
830 #0 - SERIES ADDED ENTRY--UNIFORM TITLE
Uniform title Publication (Research Society of Pakistan),
Volume/sequential designation no. 5.

No items available.

Powered by Koha